000 01222nam a2200229 i 4500
001 153536
003 ES-MaACL
005 20231103062534.0
008 040805s1872 fr |||| | fre d
040 _aCAM
_bspa
_cCAM
245 0 0 _aDocuments inédits sur l'histoire de la Révolution Française
_b: correspondances de Paris, Vienne, Berlin, Varsovie, Constantinople /
_cpubliées par Jules Lair et Emile Legrand.
260 _aParis :
_bLibrairie Maisonneuve,
_c1872 (
_fImprimerie Georges Chamerot)
300 _a132 p. ;
_c22 cm.
505 8 _aContiene además con port. propia: Lettres de Constantin Stamaty a Panagiotis Kodrikas sur la Révolution Française : Janvier 1793 / publiées ... par Emile Legrand : p. 7-79
600 1 4 _aStamaty, Constantin-
_xCorrespondencia-
_xKodrikas, Panagiotis.
_9132881
651 4 _aFrancia-
_xHistoria-
_y1789-1799, Revolución
_98685
700 1 1 _aStamaty, Constantin.
_tLettres de Constantin Stamaty a Panagiotis Kodrikas sur la Révolution Française.
_9132880
700 1 _aLair, Jules.
_9128604
700 0 _aLegrand, Emile.
_971293
852 _aES-MaACL
_jT-578-F-3
_z-- Enc. hol., conservando la cub. original
_z-- Enc. en un vol. facticio
999 _c153536
_d153536